000 00316nam a2200133Ia 4500
008 100328s9999 xx 000 0 und d
082 _b22881
100 _aदोडती सी.बी.
245 _aसावट
260 _bऐक्य
630 _aसावट
730 _aसावट
942 _cBOOK
999 _c516698
_d516695